Vista normal
Vista MARC
Entrada Personal Name
Número de registros utilizados en: 1
001 - CONTROL NUMBER
- control field: 10660
003 - CONTROL NUMBER IDENTIFIER
- control field: DLC
005 - DATE AND TIME OF LATEST TRANSACTION
- control field: 20200820122256.0
008 - FIXED-LENGTH DATA ELEMENTS
- fixed length control field: 101020n| acannaabn |n aaa c
010 ## - LIBRARY OF CONGRESS CONTROL NUMBER
- LC control number: no2010170904
035 ## - SYSTEM CONTROL NUMBER
- System control number: (OCoLC)oca08662607
040 ## - CATALOGING SOURCE
- Original cataloging agency: IlMchBWI
- Language of cataloging: spa
- Transcribing agency: Mx-PuUPA
- Modifying agency: Mx-PuUPA
- Description conventions: rda
046 ## - SPECIAL CODED DATES
- Birth date: 1972
100 1# - HEADING--PERSONAL NAME
- Personal name: Chacek, Karen,
- Dates associated with a name: 1972
374 ## - OCCUPATION
- Occupation: Autor
375 ## - GENDER
- Gender: mujer
377 ## - ASSOCIATED LANGUAGE
- Language code: eng
670 ## - SOURCE DATA FOUND
- Source citation: Nina complot, 2009:
- Information found: t.p. (Karen Chacek)
670 ## - SOURCE DATA FOUND
- Source citation: Almadía website, Oct. 20, 2010
- Information found: (born in Mexico City in 1972 ; published children's books ; Wrote the script of the film Wash and Wear ; post-digital video production, project assistant in video art and multimedia, and film script consultant ; various periodicals on music, film, art, technology, science and travel)
670 ## - SOURCE DATA FOUND
- Source citation: Uno deesos días, 2016:
- Information found: t.p. (Karen Chacek) portada
670 ## - SOURCE DATA FOUND
- Source citation: Biblioteca del congreso (Estados Unidos), 02 merzo 2020:
- Information found: Catálogo electrónico
- Uniform Resource Identifier: http://bit.ly/2Tjt6NT